Loading...
| History - Other | 0 | 5 | 0 | 1 | 50 | 49 | 81.00 | 0 | 1 | 14.79 | 23.48 |
| Literature - British | 0 | 5 | 0 | 0 | 50 | 69 | 87.40 | 0 | 0 | 12.92 | 25.93 |
| Literature - American | 0 | 5 | 0 | 0 | 50 | 43 | 71.20 | 0 | 2 | 20.99 | 30.39 |
| Mythology | 0 | 4 | 0 | 0 | 40 | 61 | 79.50 | 0 | 2 | 12.41 | 24.07 |
| Science - Other | 0 | 4 | 0 | 1 | 40 | 38 | 77.00 | 0 | 2 | 12.53 | 25.76 |
| Fine Arts - Painting and Sculpture | 0 | 4 | 0 | 0 | 40 | 70 | 88.00 | 0 | 1 | 11.04 | 19.44 |
| Literature - World | 0 | 4 | 1 | 0 | 35 | 38 | 67.00 | 1 | 2 | 18.17 | 30.47 |
| Science - Chemistry | 0 | 4 | 1 | 0 | 35 | 51 | 73.00 | 2 | 4 | 15.76 | 36.11 |
| History - American | 0 | 4 | 2 | 0 | 30 | 35 | 53.50 | 2 | 2 | 22.53 | 35.77 |
| History - European | 0 | 3 | 0 | 0 | 30 | 46 | 52.00 | 0 | 1 | 17.58 | 17.42 |
| Fine Arts - Classical Music | 0 | 4 | 3 | 0 | 25 | 72 | 91.25 | 0 | 2 | 11.60 | 31.99 |
| Geography | 0 | 2 | 0 | 0 | 20 | 61 | 68.00 | 0 | 1 | 13.11 | 16.67 |
| Science - Biology | 0 | 2 | 0 | 0 | 20 | 34 | 46.50 | 0 | 1 | 12.92 | 15.74 |
| Current Events | 0 | 2 | 1 | 0 | 15 | 67 | 88.00 | 0 | 1 | 7.71 | 18.03 |
| History - World | 0 | 1 | 0 | 0 | 10 | 32 | 32.00 | 1 | 1 | 7.82 | 11.11 |
| Popular Culture | 0 | 1 | 0 | 0 | 10 | 75 | 75.00 | 0 | 0 | 7.07 | 6.67 |
| Literature - European | 0 | 1 | 1 | 0 | 5 | 108 | 108.00 | 0 | 0 | 0.00 | 0.93 |
| Social Science | 0 | 1 | 1 | 0 | 5 | 88 | 88.00 | 0 | 0 | 3.85 | 5.00 |
| Fine Arts - Other | 0 | 1 | 1 | 0 | 5 | 74 | 74.00 | 0 | 1 | 3.64 | 8.33 |
| Religion | 0 | 2 | 3 | 1 | 5 | 63 | 88.00 | 0 | 0 | 5.33 | 6.48 |
| Science - Physics | 0 | 0 | 2 | 0 | -10 | 0.00 | 0 | 0 | 0.00 | 0.00 |